1388 1445 1308 1856 1006 1519 1428 1535 1892 1968 1271 1710 1819 1329 1744 1254 1920 1906 1365 1952 1644 1523 1654 1783 1853 1078 1918 1482 1232 1212 1515 1106 1167 1663 1774 1904 1085 1489 1485 1283 1022 1462 1148 1677 1755 1356 1355 1705 1474 1054 1983 1665 1385 1807 1425 1207 1451 1388 1612 1981 1953 1637 1800 1831 1709 1522 1843 1759 1340 1096 1656 1214 1973 1707 1666 1951 1024 1928 1929 1097 1642 1328 1807 1712 1654 1913 1111 1416 1729 1668 1811 1013 1206 1660 1699 1772 1377 1826 1188 BCNSPRNW ULIB Ver.6.0+V

เปลี่ยนเป็นภาษาไทย

Change to English
 แสดงรายละเอียดบรรณานุกรม
  กลับหน้าหลัก

Brief Record : Get Marc (ISO 2709) : E-mail record : QR code < ปิดหน้าต่าง
LEADER : 00000nam 2200000uu 4500
001    13399121186
003     ULIB
008    121108s2552||||th 000 0 tha d
020    ^a9789742351649
050 04 ^aLB2369^bส181ก 2552
100 0  ^aสมาน จันทะดี
245 10 ^aการสร้างและการเขียนรายงานผลงานทางวิชาการ สำหรับครูและผู้บริหารสถานศึกษา /^cโดย สมาน จันทะดี
250    ^aพิมพ์ครั้งที่ 3
260    ^aกรุงเทพฯ :^bสถาบันพัฒนาความก้าวหน้า,^c2552
300    ^a467 หน้า :^bภาพประกอบ, ตาราง
504    ^aบรรณานุกรม: หน้า 446-451
650  7 ^aการเขียนทางวิชาการ
650  7 ^aการเขียนรายงาน
945    ^p250^l0^i16491
995    ^aวิภา
999 ^a ทศพร
รายการนี้ยังไม่มีแท็ก
คุณยังไม่ได้ล็อกอิน คุณสามารถมีกิจกรรมร่วมกับเว็บไซต์ได้ แต่ต้องล็อกอินก่อน ::
  ล็อกอิน

รายการสื่อสารสนเทศ

ลำดับที่ ประเภท เลขเรียก/บาร์โค้ด สถานที่ สถานะ
1. วิทยาศาสตร์การแพทย์ และสุขภาพ
วิทยาศาสตร์การแพทย์ และสุขภาพ
LB2369 ส181ก 2552  
  Barcode: 16491
ห้องสมุดวิทยาเขตสวรรค์ประชารักษ์
►หนังสือทั่วไป
บนชั้น

รายการใกล้เคียง
    ผู้แต่ง [สมาน จันทะดี]

    หัวเรื่อง [การเขียนทางวิชาการ]
    หัวเรื่อง [การเขียนรายงาน]

BibComment


ยังไม่เคยถูกคอมเมนท์

คอมเมนท์ทรัพยากรรายการนี้
  คอมเมนท์: การสร้างและการเข..


 Copyright 2026. Bcnsprnw @Library